| 000 -ლიდერი |
| ფიქსირებული სიგრძის საკონტროლო ველი |
01238nam a22002057a 4500 |
| 003 - საკონტროლო ნომრის იდენტიფიკატორი |
| საკონტროლო ველი |
Ge_BSU |
| 005 - ბოლო ოპერაციის თარიღი და დრო |
| საკონტროლო ველი |
20221130110040.0 |
| 008 - ფიქსირებული სიგრძის მონაცემთა ელემენტები - ზოგადი ინფორმაცია |
| ფიქსირებული სიგრძის საკონტროლო ველი |
221130s1976ge xxu||||| |||| 00| 0 geo d |
| 041 ## - ენის კოდი |
| Language code of text/sound track or separate title |
geo |
| 080 ## - უნივერსალური ათობითი კლასიფიკაციის ინდექსი |
| Universal Decimal Classification number |
821.353.1-13 რ-93 |
| 100 ## - მთავარი ჩანაწერი - პიროვნების სახელი |
| Personal name |
რუსთაველი, შოთა, ავტორი. |
| 9 (RLIN) |
16223 |
| 245 ## - ცნობა სათაურის შესახებ |
| Title |
ვეფხისტყაოსანი ქართულ ენაზე. |
| Remainder of title |
ვეფხისტყაოსანი / |
| Statement of responsibility, etc |
შოთა რუსთაველი ; ტექსტი გამოსაცემად მოამზადა, შესავალი, განმარტებანი და კომენტარები დაურთო ნ. ნათაძემ ; რედაქტორი ალ. ჭინჭარაული. |
| 264 ## - წარმოების, გამოცემის, დისტრიბუციის და სხვა ცნობები |
| გამოცემის, წარმოების, დისტრიბუციის... ადგილი |
თბილისი : |
| გამოცემის, წარმოების, დისტრიბუციის... სახელწოდება |
განათლება, |
| გამოცემის, წარმოების, დისტრიბუციის... თარიღი |
1976. |
| 300 ## - ფიზიკური აღწერა |
| Extent |
552 გვ. ; |
| Other physical details |
22 სმ. |
| 440 ## - სერიის ცნობა / დამატებულია ჩანაწერი - სათაური |
| Title |
"განათლების" ბიბლიოთეკა |
| 9 (RLIN) |
16224 |
| 653 ## - INDEX TERM--UNCONTROLLED |
| Uncontrolled term |
ვეფხისტყაოსანი -- სწავლება. |
| 700 ## - ADDED ENTRY--PERSONAL NAME |
| Personal name |
ნათაძე, ნ |
| 9 (RLIN) |
3704 |
| 700 ## - ADDED ENTRY--PERSONAL NAME |
| Personal name |
ჭინჭარაული, ალ. |
| Relator term |
რედაქტორი |
| 9 (RLIN) |
7560 |
| 942 ## - ADDED ENTRY ELEMENTS (KOHA) |
| Source of classification or shelving scheme |
|
| Koha item type |
წიგნი |